Quizzes
Events
Quiz Creation
Community
Videos
Private Events
Remove Ads
Sign In
Join for FREE
Feedback
Dark Mode
Quiz Categories
Sports
Geography
Music
Movies
Television
Just For Fun
Miscellaneous
History
Literature
Language
Science
Gaming
Entertainment
Religion
Holiday
For Kids
Quiz Lab
Recent
Popular Today
Quiz Kudos Today
Editor Picks
Curator Picks
Quizzes by...
Day
Popularity
Type
Ratings
Length
Year
Community
Subscriptions
Recent Discussions
Orange Saloon
Badges
Playlists
Quests
Create
Leaderboards
Showdown
Live 5
Trivia Bingo
Activity
Puzzle Library
Sporcle Events
Private Events
Virtual Trivia
Globe League
Become a Host
Pub Owners
SporcleCon
Opinionation
Our Games
Videos
Blog
Mobile Apps
Partnerships
Remove Ads and Go Orange
Feedback
Movies
Disney
Marvel Cinematic Universe
Movie Resume
Movie Titles
Oscar
Actor
Actress
Director
Pixar
Role
Movie Quotes
Movie Characters
Box Office
Nominee
Best Picture
Star Wars
James Bond
Horror Movies
Movies
Disney
Marvel Cinematic Universe
Movie Resume
Movie Titles
Oscar
Actor
Actress
Director
Pixar
Role
Movie Quotes
Movie Characters
Box Office
Nominee
Best Picture
Star Wars
James Bond
Horror Movies
Random Quiz
Search Sporcle
×
Quiz Lab
Quiz Lab
Movies
reboot
Type answers based on single images at one time
Type answers based on single images at one time
Slideshow
Best Score? Go Orange.
100 Movie Remakes Stats
Can you name 100 Movie Remakes?
By
midnight_dreary
20m
100 Questions
1,627 Plays
1,627 Plays
1,627 Plays
Comments
Comments
Give Quiz Kudos
Give Quiz Kudos
-
- Ratings
hide this ad
Replay
Link that replays current quiz
Next Quiz
Link to next quiz in quiz playlist
You Got
0%
They Got
Avg Score
53%
Avg Friend Score
Upgrade to see
Score Distribution
Jump to the score distribution portion of the page
Score
0/100
Timer
20:00
0
Plays Today
% Correct
Beauty and the Beast
99.1%
King Kong
92.5%
Ghostbusters
91.3%
Oceans Eleven
87.9%
The Jungle Book
87.4%
Scarface
86.8%
The Karate Kid
86.1%
The Nutty Professor
85.8%
Cinderella
85.6%
The Parent Trap
85.1%
Psycho
84.6%
Freaky Friday
84.3%
101 Dalmatians
83.9%
It
83.4%
A Nightmare on Elm Street
83.1%
Hairspray
82.1%
Flubber
80.7%
The Girl With the Dragon Tattoo
80.1%
I Am Legend
79.9%
True Grit
78.6%
The Departed
76%
The Fly
74.7%
Friday the 13th
73.6%
The Ring
73.2%
Poltergeist
73.1%
The Pink Panther
72.6%
The Omen
72.5%
Father of the Bride
72.1%
War of the Worlds
71.6%
Ben-Hur
71.5%
Annie
70%
Robocop
67.7%
Carrie
64.1%
The Birdcage
63.6%
% Correct
Flash Gordon
61.9%
The Longest Yard
61.2%
The Grudge
61.1%
The Thing
60.6%
True Lies
60.4%
The Secret Life of Walter Mitty
58.9%
Pete's Dragon
57.9%
Angels in the Outfield
57%
The Producers
56.7%
Total Recall
56.5%
Mr. Deeds
54.2%
The Taking of Pelham 1 2 3
52.6%
Evil Dead
51.6%
The Magnificent Seven
51.1%
The Lake House
50.6%
3:10 to Yuma
50.5%
Footloose
49.5%
Godzilla
48.9%
Dawn of the Dead
48.4%
Invasion of the Body Snatchers
47.9%
A Star Is Born
47.4%
Gone in Sixty Seconds
47.1%
City of Angels
47%
The Stepford Wives
46.1%
Heat
45.9%
The Thomas Crown Affair
45.5%
Fun with Dick and Jane
45.3%
Village of the Damned
45%
Rollerball
43.9%
The Wicker Man
43.4%
Bedazzled
43.4%
Red Dawn
41.5%
Arthur
41.2%
Death at a Funeral
40.4%
% Correct
Cape Fear
38%
Miracle on 34th Street
37.9%
Let Me In
37.5%
Fantastic Four
36.5%
The Haunting
36.4%
Halloween
36.1%
The Texas Chainsaw Massacre
36%
Fright Night
35.5%
The Day the Earth Stood Still
35.4%
Prom Night
34.6%
The Preacher's Wife
34.6%
Brothers
34.6%
Old Boy
34.1%
The Shaggy Dog
33.2%
Alfie
33.2%
Black Christmas
33.1%
The Amityville Horror
31.3%
Poseidon
30.3%
Fame
28%
The Hills Have Eyes
27.7%
The Fog
27.2%
The Heartbreak Kid
27.2%
Guess Who
26.7%
When a Stranger Calls
25.8%
Assault on Precinct 13
25.4%
The Bachelor
25.1%
The Eye
23.8%
Last Holiday
23%
Endless Love
18.9%
Sparkle
17.6%
Point Break
15.8%
Love Don't Cost A Thing
12.5%
Quiz Playlist
Details
Report
Send in Message
Add To Playlist
Slideshow:
Type answers based on single images at one time
Last Updated: Apr 16, 2017
Quiz Scoreboard
CHALLENGE
Sign Up to Join the Scoreboard
Show All
Scores
Hide
Comments
May contain spoilers
Recently Published
Presidents Visiting Landmarks
by Hejman
History
7m
An Introduction to Baseball
by treessimontrees
Sports
5m
Movies - When Are They Set?
by FPL_Elf
Movies
5m
More to Explore
Quiz From the Vault
Featured Blog Post
Where Did the Easter Bunny Come From?
hide this ad
You Might Also Like...
Tags
100
Movie Remakes
reboot
remake
Slideshow
Today's Top Quizzes in Movies
Browse Movies
hide this ad
Today's Top Quizzes in reboot
Browse reboot
Top Contributed Quizzes in Movies
1
Pick 5 Posters: Directed by Spielberg
2
Pick 5 Posters: Lowest-Rated Spielberg
3
7-to-1: Pixar Characters
4
Multi-Oscar Nominations, One Movie, One Winner
5
Pick 5 Posters: Directed by Scorsese
6
12 Movies about Fictional 1960s Events
7
Pick 5 Posters: Star & Director
8
Sorting Actors
9
Sorting Actresses
10
One Thing in Common: Movies
Explore More
Trending Topics
Marvel
Kpop
Crossword
Disney
NBA
Anime
Harry Potter
WWE
Country
Pokémon
Soccer
Song
The Office
NFL
Puzzle
hide this ad
More By:
midnight_dreary
Quiz
Plays
Rating
Category
Featured
Created
Katy Perry or Taylor Swift?
52,890
4.37
Music
Nov 12, 2014
War Movies by Poster
34,056
4.63
Movies
Oct 22, 2019
100 TV Shows From The 2010s
32,759
4.29
Television
Jan 15, 2019
'Girl' and 'Boy' Movies
30,851
4.56
Movies
Apr 1, 2017
30 School Movies
30,443
4.35
Movies
Feb 4, 2017
Go to Creator's Profile
Score Distribution
Quiz Creator Spotlight
midnight_dreary
Follow
Send a Message
Quizzes Created
-
Created Quiz Play Count
-
More By This Creator
Popular Quizzes Today
1
Find the US States - No Outlines Minefield
2
Find the Countries of Europe - No Outlines Minefield
3
The Countries of the World
4
Find the US States
5
Popular People in 1961
6
US States
7
Risky Map Clicking: Biggest States A-Z
8
1-10 Letter E Words III
More Movies Quizzes
Click the 'K' Movie Title Character
Published
Trending Quizzes
Risky Map Clicking: Least Populous States A-Z
1-10 Letter G Words
1-10 Letter F Words
One Thing in Common: United Kingdom
Risky Map Clicking: Next State Alphabetically
Recently Updated
Leaping Animals
pecheneg
Reality TV Shows (A-Z)
bhenderson79
Rickey Henderson's Hall of Fame Teammates
pecheneg
Champions League XIs: Arsenal
pecheneg
Quick Pick: Celebrities in WWE's Hall of Fame
aduchscher
A-Z Keypad Blitz II
pecheneg
Multiple Oscar Actors
pecheneg
Mystery Phrase Blitz: Oscar 'Best Actors'
pecheneg
F. Scott Fitzgerald Novels
LTH
Pick 3 Villains
ddd62291
Trending Topics
Disney
Anime
Crossword
Marvel
NBA
Kpop
Harry Potter
WWE
Puzzle
Soccer
Song
Country
Pokémon
NFL
The Office
Your Account Isn't Verified!
In order to create a playlist on Sporcle, you need to verify the email address you used during registration. Go to your
Sporcle Settings
to finish the process.
Report this User
Report this user for behavior that violates our
Community Guidelines
.
Details:
Send Report
Go to the Sporcle.com Mobile Site →
Comments